000 00761nam a2200253Ia 4500
003 OSt
005 20220918185301.0
006 a|||||r|||| 00| 0
007 ta
008 220917b |||||||| |||| 00| 0 eng d
024 _a50,444
037 _cTextual
040 _aARTS
_cARTS
_beng
041 _2eng
_aeng
082 _aP:(R)z7, L4
100 _aGeschwind Norman
_947004
245 0 _aSelectied papers on language and the Brain Dorecht
260 _aDordrecht
_bD Reidel Pub
_c1974
300 _axii,549p. illus
_ccm.
490 _aBoston studies in the Philosophy of science ed by Robert S Cohen and Marx W Wartodsky; 16
650 _aLINGUISTICS
942 _hP:(R)z7, L4
_cTEXL
_2CC
999 _c180040
_d180040